[Event "South America-ch U14 17th"]
[Site "Guayaquil"]
[Date "2022.01.30"]
[Round "9"]
[White "Giler Moncayo, Boris Antonio"]
[Black "Cruz Reyes, Nick Steven"]
[Result "0-1"]
[WhiteElo "1400"]
[BlackElo "1306"]
[PlyCount "58"]
[EventDate "2022.01.25"]
[EventType "swiss"]
[EventRounds "9"]
[EventCountry "ECU"]
[SourceTitle "CBM 206 Extra"]
[Source "ChessBase"]
[SourceDate "2022.03.31"]
[SourceVersion "1"]
[SourceVersionDate "2022.03.31"]
[SourceQuality "1"]

1. c4 e5 2. Nc3 Nf6 3. g3 Bb4 4. Nd5 Nxd5 5. cxd5 0-0 6. Bg2 d6 7. Nf3 Bg4 8. Qb3 Bc5 9. Qc4 Bxf3 10. Bxf3 Nd7 11. b4 Bd4 12. Rb1 Nb6 13. Qb3 Qf6 14. 0-0 Nd7 15. Bg4 Qe7 16. Bxd7 Qxd7 17. a4 a5 18. e3 Bb6 19. b5 f5 20. f4 exf4 21. Rxf4 g5 22. Rf1 f4 23. Bb2 fxe3 24. dxe3 Qe7 25. Rfe1 Rf3 26. Qc3 Bxe3+ 27. Kg2 Rf2+ 28. Kh3 g4+ 29. Kxg4 Qg5+ 0-1

[Event "South America-ch U14 17th"]
[Site "Guayaquil"]
[Date "2022.01.29"]
[Round "8"]
[White "Giler Moncayo, Boris Antonio"]
[Black "Gonzabay Vidal, Nick Steven"]
[Result "0-1"]
[WhiteElo "1400"]
[BlackElo "1444"]
[PlyCount "54"]
[EventDate "2022.01.25"]
[EventType "swiss"]
[EventRounds "9"]
[EventCountry "ECU"]
[SourceTitle "CBM 206 Extra"]
[Source "ChessBase"]
[SourceDate "2022.03.31"]
[SourceVersion "1"]
[SourceVersionDate "2022.03.31"]
[SourceQuality "1"]

1. c4 Nf6 2. Nc3 d5 3. cxd5 Nxd5 4. g3 g6 5. Bg2 Nxc3 6. bxc3 Bg7 7. Rb1 0-0 8. Nf3 c5 9. 0-0 Nc6 10. Ba3 Qa5 11. Qb3 Bf5 12. d3 c4 13. Qxb7 Qxa3 14. Qxc6 cxd3 15. e4 Rac8 16. Qb7 Be6 17. Rfd1 Bxa2 18. Rb5 Rxc3 19. Bf1 Rc1 20. Rxc1 Qxc1 21. Qd7 Bc4 22. Rc5 Rb8 23. Rc8+ Rxc8 24. Qxc8+ Bf8 25. Kg2 d2 26. Bxc4 d1Q 27. Bxf7+ Kg7 0-1

[Event "South America-ch U14 17th"]
[Site "Guayaquil"]
[Date "2022.01.28"]
[Round "6"]
[White "Leon Tuarez, Jonathan Jafet"]
[Black "Giler Moncayo, Boris Antonio"]
[Result "1/2-1/2"]
[WhiteElo "1109"]
[BlackElo "1400"]
[PlyCount "48"]
[EventDate "2022.01.25"]
[EventType "swiss"]
[EventRounds "9"]
[EventCountry "ECU"]
[SourceTitle "CBM 206 Extra"]
[Source "ChessBase"]
[SourceDate "2022.03.31"]
[SourceVersion "1"]
[SourceVersionDate "2022.03.31"]
[SourceQuality "1"]

1. d4 g6 2. c4 Bg7 3. Nc3 d6 4. e4 Nc6 5. Nf3 Bg4 6. Be3 e5 7. d5 Nd4 8. Be2 Nxe2 9. Qxe2 f5 10. h3 Bxf3 11. Qxf3 Ne7 12. g4 Qd7 13. 0-0-0 0-0-0 14. Rhf1 f4 15. Bd2 g5 16. Qe2 c5 17. f3 h5 18. Rh1 hxg4 19. hxg4 Ng6 20. Qd3 Bf6 21. Qe2 Rh4 22. Rxh4 Nxh4 23. Rh1 Kb8 24. Be1 Ng6 1/2-1/2

[Event "ECU-ch Schools U13 Clas2"]
[Site "Chess.com INT"]
[Date "2020.11.20"]
[Round "6"]
[White "Ortiz Pilco, Carlos Alberto"]
[Black "Giler Moncayo, Boris Antonio"]
[Result "1-0"]
[WhiteElo "1295"]
[BlackElo "1452"]
[PlyCount "151"]
[EventDate "2020.11.20"]
[EventType "swiss"]
[EventRounds "9"]
[EventCountry "ECU"]
[SourceTitle "CBM 199 Extra"]
[Source "ChessBase"]
[SourceDate "2021.01.31"]
[SourceVersion "1"]
[SourceVersionDate "2021.01.31"]
[SourceQuality "1"]

1. d4 e6 2. Nf3 b6 3. e3 Bb7 4. Nbd2 f5 5. Bd3 Nf6 6. b3 Be7 7. Bb2 0-0 8. 0-0 h6 9. c4 Ne4 10. Ne5 Qe8 11. Qc2 Nxd2 12. Qxd2 d6 13. Nf3 Qg6 14. Qe2 Nd7 15. Rfe1 e5 16. e4 fxe4 17. Bxe4 Bxe4 18. Qxe4 Qxe4 19. Rxe4 Bf6 20. dxe5 Bxe5 21. Bxe5 Nxe5 22. Nxe5 dxe5 23. Rxe5 Rf7 24. Rae1 Raf8 25. f3 Rd7 26. Re7 Rf7 27. Rxf7 Kxf7 28. Re2 a5 29. Kf2 c6 30. g3 b5 31. cxb5 cxb5 32. f4 a4 33. bxa4 bxa4 34. Kf3 Rd3+ 35. Re3 Rd2 36. Re2 Rd6 37. h3 a3 38. Re3 Ra6 39. g4 Ra4 40. f5 g6 41. fxg6+ Kxg6 42. Re4 Ra8 43. h4 Rf8+ 44. Kg3 Rb8 45. Re3 Ra8 46. Rb3 Ra4 47. Kf3 Kf6 48. Rb6+ Kg7 49. h5 Rc4 50. Rb3 Ra4 51. Kg3 Kf6 52. Kh4 Ke5 53. Rg3 Kf4 54. Rb3 Ra5 55. Rb4+ Kf3 56. Rb6 Rg5 57. Rf6+ Kg2 58. Rxh6 Rb5 59. Ra6 Rb1 60. Rxa3 Rh1+ 61. Kg5 Rb1 62. h6 Rb5+ 63. Kg6 Rb6+ 64. Kh5 Rb5+ 65. g5 Rb6 66. h7 Rb8 67. Kh6 Rb6+ 68. g6 Rb8 69. Rb3 Rf8 70. g7 Rf6+ 71. Kg5 Rf7 72. g8Q Rd7 73. Kf4+ Kf2 74. Rb2+ Kf1 75. Qg2+ Ke1 76. Qe2# 1-0

[Event "ECU-ch Schools U13 Clas1"]
[Site "Chess.com INT"]
[Date "2020.11.18"]
[Round "4"]
[White "Gonzabay Vidal, Nick Steven"]
[Black "Giler Moncayo, Boris Antonio"]
[Result "1-0"]
[WhiteElo "1407"]
[BlackElo "1452"]
[PlyCount "87"]
[EventDate "2020.11.18"]
[EventType "swiss"]
[EventRounds "9"]
[EventCountry "ECU"]
[SourceTitle "CBM 199 Extra"]
[Source "ChessBase"]
[SourceDate "2021.01.31"]
[SourceVersion "1"]
[SourceVersionDate "2021.01.31"]
[SourceQuality "1"]

1. d4 e6 2. c4 b6 3. e4 Bb7 4. Nc3 Bb4 5. Qc2 Ne7 6. Be3 0-0 7. Nf3 f5 8. Bd3 Bxc3+ 9. bxc3 h6 10. 0-0 d6 11. Rad1 Nd7 12. Qe2 fxe4 13. Nh4 exd3 14. Qxd3 Nf5 15. Nxf5 exf5 16. d5 Ne5 17. Qe2 Qf6 18. h3 Rae8 19. Bd4 Qg6 20. f4 Nc6 21. Qd3 Nxd4 22. Qxd4 Re4 23. Qd3 Rfe8 24. Rf3 Ba6 25. Rg3 Qf6 26. Qf3 Bxc4 27. Rd2 Re1+ 28. Kh2 R1e3 29. Qf2 Rxg3 30. Qxg3 Bb5 31. Rc2 g5 32. c4 Bd7 33. Rf2 Qg6 34. Qc3 Kh7 35. Qa3 a5 36. Qd3 gxf4 37. Rxf4 Rg8 38. Qc2 Bc8 39. Qf2 Qg5 40. g3 Qf6 41. Qe3 Qf7 42. Rh4 Re8 43. Qxh6+ Kg8 44. Qh8# 1-0

[Event "ECU-ch Schools U15 Clas2"]
[Site "Chess.com INT"]
[Date "2020.11.07"]
[Round "4"]
[White "Giler Moncayo, Boris Antonio"]
[Black "Gonzabay Vidal, Nick Steven"]
[Result "1/2-1/2"]
[WhiteElo "1452"]
[BlackElo "1407"]
[PlyCount "166"]
[EventDate "2020.11.07"]
[EventType "swiss"]
[EventRounds "9"]
[EventCountry "ECU"]
[SourceTitle "EXT 2022"]
[Source "ChessBase"]
[SourceDate "2021.10.06"]
[SourceVersion "1"]
[SourceVersionDate "2021.10.06"]
[SourceQuality "1"]

1. c4 Nf6 2. Nc3 g6 3. d3 Bg7 4. g3 d5 5. Bg2 dxc4 6. dxc4 Qxd1+ 7. Nxd1 0-0 8. Nf3 Nc6 9. 0-0 Be6 10. Ne3 Rad8 11. a3 Nd7 12. Rb1 Nb6 13. c5 Nd5 14. Nxd5 Bxd5 15. Nh4 Bxg2 16. Nxg2 Rd7 17. b4 Rfd8 18. Be3 Nd4 19. Bxd4 Rxd4 20. e3 Rd2 21. a4 e6 22. b5 Bf6 23. Nf4 Ra2 24. Rfd1 Rxd1+ 25. Rxd1 Rxa4 26. Rd7 Rb4 27. c6 Rxb5 28. Rxc7 bxc6 29. Rxa7 e5 30. Nd3 e4 31. Nf4 g5 32. Ne2 c5 33. Rc7 Be5 34. Rc8+ Kg7 35. Kg2 Rb2 36. Ng1 Rc2 37. Nh3 f6 38. Ng1 c4 39. h4 h6 40. hxg5 hxg5 41. Kf1 Rc1+ 42. Kg2 Rc2 43. Kf1 Bb2 44. Ne2 c3 45. Nd4 Rd2 46. Rc7+ Kg6 47. Rc6 Kf7 48. g4 Ba3 49. Rxc3 Bd6 50. Rc6 Be5 51. Rc4 Ke7 52. Nf5+ Kf7 53. Nd4 Bxd4 54. exd4 Ke6 55. Ra4 Kd5 56. Ra5+ Kxd4 57. Rf5 e3 58. fxe3+ Kxe3 59. Rxf6 Rd4 60. Kg2 Rxg4+ 61. Kh3 Rf4 62. Rg6 Kf3 63. Rxg5 Rf8 64. Rh5 Rg8 65. Kh2 Rg4 66. Rf5+ Ke4 67. Rh5 Kf4 68. Kh3 Rg1 69. Kh2 Rg8 70. Rh7 Kf3 71. Rf7+ Kg4 72. Kg2 Ra8 73. Kf2 Ra2+ 74. Ke3 Ra3+ 75. Ke4 Ra4+ 76. Ke5 Ra5+ 77. Kf6 Rf5+ 78. Kg6 Rg5+ 79. Kh7 Kh5 80. Rf6 Ra5 81. Rh6+ Kg5 82. Rg6+ Kf5 83. Rg7 Ra6 1/2-1/2

[Event "ECU-ch Schools U15 Clas1"]
[Site "Chess.com INT"]
[Date "2020.11.05"]
[Round "1"]
[White "Marin Zuniga, Jorge Patricio"]
[Black "Giler Moncayo, Boris Antonio"]
[Result "0-1"]
[WhiteElo "178"]
[BlackElo "1452"]
[PlyCount "112"]
[EventDate "2020.11.05"]
[EventType "swiss"]
[EventRounds "9"]
[EventCountry "ECU"]
[SourceTitle "EXT 2022"]
[Source "ChessBase"]
[SourceDate "2021.10.06"]
[SourceVersion "1"]
[SourceVersionDate "2021.10.06"]
[SourceQuality "1"]

1. e4 c5 2. Nf3 Nc6 3. d4 cxd4 4. Nxd4 Nf6 5. Nc3 d6 6. Nxc6 bxc6 7. Bd3 g6 8. 0-0 Bg7 9. h3 0-0 10. Re1 Be6 11. Bg5 Qd7 12. Bxf6 Bxf6 13. Be2 Rab8 14. Rb1 Bg7 15. Bg4 Bxg4 16. Qxg4 Qxg4 17. hxg4 Rb7 18. f4 Rfb8 19. e5 dxe5 20. fxe5 Rxb2 21. Rxb2 Rxb2 22. Na4 Rxa2 23. Nc5 Rxc2 24. Nd7 Rd2 25. Nb8 c5 26. Nc6 Bf8 27. Nxa7 c4 28. Nb5 e6 29. Nd6 Bxd6 30. exd6 Rxd6 31. Rc1 Rc6 32. Kf2 e5 33. Kf3 f5 34. gxf5 gxf5 35. g4 fxg4+ 36. Kxg4 Kf7 37. Kf5 Rc5 38. Rh1 Kg7 39. Re1 c3 40. Ke4 c2 41. Rc1 h5 42. Kd3 h4 43. Rxc2 Rxc2 44. Kxc2 h3 45. Kd3 h2 46. Ke4 h1Q+ 47. Kxe5 Qh4 48. Kd6 Qg5 49. Kc6 Qe5 50. Kb6 Kf7 51. Ka6 Ke7 52. Ka7 Kd7 53. Kb6 Qc3 54. Kb7 Qb4+ 55. Ka8 Kc7 56. Ka7 Qa5# 0-1

[Event "ECU-ch Schools U15 Clas1"]
[Site "Chess.com INT"]
[Date "2020.11.05"]
[Round "6"]
[White "Morales Risco, Hugo Alexander"]
[Black "Giler Moncayo, Boris Antonio"]
[Result "1-0"]
[WhiteElo "1313"]
[BlackElo "1452"]
[PlyCount "131"]
[EventDate "2020.11.05"]
[EventType "swiss"]
[EventRounds "9"]
[EventCountry "ECU"]
[SourceTitle "EXT 2022"]
[Source "ChessBase"]
[SourceDate "2021.10.06"]
[SourceVersion "1"]
[SourceVersionDate "2021.10.06"]
[SourceQuality "1"]

1. d4 e6 2. Nf3 b6 3. e3 Bb7 4. Be2 f5 5. c4 Nf6 6. Nc3 Bb4 7. Bd2 Bxc3 8. Bxc3 0-0 9. 0-0 Ne4 10. Qc2 Nxc3 11. Qxc3 d6 12. b4 Nd7 13. c5 bxc5 14. bxc5 Nf6 15. Qb3 Bd5 16. Bc4 Bxc4 17. Qxc4 d5 18. Qa6 Re8 19. Ne5 Ng4 20. Nd3 Qh4 21. h3 Nf6 22. Ne5 Ne4 23. Qa5 Qe7 24. Rab1 Rf8 25. Rb7 Rf6 26. Rxc7 Qd8 27. Rb1 Rb8 28. Nc6 Rxb1+ 29. Kh2 Qe8 30. Ne7+ Kh8 31. Rc8 Rf8 32. Rxe8 Rxe8 33. Nc6 Nxf2 34. Ne5 Ne4 35. Qc7 Rf8 36. Qe7 Rbb8 37. Qxe6 Ng5 38. Qxd5 Rbd8 39. Qb7 Rde8 40. h4 Kg8 41. hxg5 h6 42. gxh6 gxh6 43. Qc6 Rd8 44. Qg6+ Kh8 45. Nf7+ Rxf7 46. Qxf7 Rg8 47. Qxf5 Rg7 48. Qf6 Kg8 49. Qxg7+ Kxg7 50. d5 Kf7 51. e4 Ke7 52. e5 Kd7 53. c6+ Kc7 54. Kg3 a5 55. Kg4 a4 56. a3 Kb6 57. Kh5 Kb5 58. Kxh6 Kc4 59. c7 Kb3 60. c8Q Kxa3 61. d6 Kb2 62. Qb7+ Ka2 63. d7 a3 64. d8Q Ka1 65. Qd1+ Ka2 66. Qdb1# 1-0

[Event "ECU-ch Schools U15 Clas1"]
[Site "Chess.com INT"]
[Date "2020.11.05"]
[Round "8"]
[White "Villon Rodriguez, Diego"]
[Black "Giler Moncayo, Boris Antonio"]
[Result "0-1"]
[WhiteElo "177"]
[BlackElo "1452"]
[PlyCount "46"]
[EventDate "2020.11.05"]
[EventType "swiss"]
[EventRounds "9"]
[EventCountry "ECU"]
[SourceTitle "EXT 2022"]
[Source "ChessBase"]
[SourceDate "2021.10.06"]
[SourceVersion "1"]
[SourceVersionDate "2021.10.06"]
[SourceQuality "1"]

1. e4 c5 2. Nf3 d6 3. d4 cxd4 4. Nxd4 Nf6 5. Nc3 g6 6. Be3 Bg7 7. f3 0-0 8. Qd2 Nc6 9. g4 Ne5 10. h4 h5 11. gxh5 Nxh5 12. f4 Ng4 13. f5 Nxe3 14. Qxe3 Qb6 15. 0-0-0 e5 16. fxg6 exd4 17. gxf7+ Rxf7 18. Qg5 dxc3 19. b3 Bg4 20. Bc4 Bxd1 21. Bxf7+ Kxf7 22. Qxh5+ Bxh5 23. Rf1+ Bf6 0-1

[Event "Pan American-ch School U11"]
[Site "Medellin"]
[Date "2019.11.13"]
[Round "3.2"]
[White "Giler Moncayo, Boris Antonio"]
[Black "Restrepo Medina, Brayan"]
[Result "1/2-1/2"]
[WhiteElo "1346"]
[BlackElo "1535"]
[PlyCount "127"]
[EventDate "2019.11.12"]
[EventType "swiss"]
[EventRounds "9"]
[EventCountry "COL"]
[SourceTitle "EXT 2024"]
[Source "ChessBase"]
[SourceDate "2023.10.10"]
[SourceVersion "1"]
[SourceVersionDate "2023.10.10"]
[SourceQuality "1"]

1. c4 e5 2. Nc3 Nc6 3. d3 Nf6 4. g3 d6 5. Bg2 Bd7 6. Nf3 Be7 7. 0-0 0-0 8. Rb1 Qc8 9. b4 Bh3 10. Bg5 h6 11. Bxf6 Bxf6 12. Nd5 Bxg2 13. Nxf6+ gxf6 14. Kxg2 Kh7 15. d4 Nxd4 16. Nxd4 exd4 17. Qxd4 Qe6 18. e3 Rfe8 19. Rfd1 Qe4+ 20. Kg1 Qxd4 21. Rxd4 Re5 22. Kg2 Rae8 23. Kf3 f5 24. h4 h5 25. Rbd1 Re4 26. a3 b6 27. c5 bxc5 28. bxc5 dxc5 29. Rd5 R4e5 30. Rxe5 Rxe5 31. Rd7 Kg6 32. Rxc7 a5 33. Ra7 c4 34. Rc7 Re4 35. Ke2 Kf6 36. f3 Re5 37. Rxc4 Rb5 38. f4 Rb2+ 39. Kf3 Rb3 40. Ra4 Rb5 41. Ke2 Rb2+ 42. Kd3 Rg2 43. Rxa5 Rxg3 44. Re5 Rg4 45. a4 Rxh4 46. a5 Rh2 47. Rb5 Ra2 48. e4 fxe4+ 49. Kxe4 Ra4+ 50. Kf3 Kg6 51. Kg3 Ra3+ 52. Kh4 f5 53. Rb6+ Kf7 54. a6 Ra4 55. Kxh5 Rxf4 56. Kg5 Rc4 57. a7 Ra4 58. Rb7+ Ke6 59. Rh7 Rg4+ 60. Kh5 Ra4 61. Rh6+ Ke5 62. Rh7 Ra3 63. Kg6 Rh3 64. Rh4 1/2-1/2

[Event "Pan American-ch U12"]
[Site "Guayaquil"]
[Date "2019.07.26"]
[Round "8"]
[White "Ponciano Madueno, Luis Felipe"]
[Black "Giler Moncayo, Boris Antonio"]
[Result "0-1"]
[WhiteElo "1093"]
[BlackElo "1290"]
[PlyCount "54"]
[EventDate "2019.07.21"]
[EventType "swiss"]
[EventRounds "9"]
[EventCountry "ECU"]
[SourceTitle "EXT 2020"]
[Source "ChessBase"]
[SourceDate "2019.10.17"]
[SourceVersion "1"]
[SourceVersionDate "2019.10.17"]
[SourceQuality "1"]

1. e4 Nf6 2. Nc3 d5 3. exd5 Nxd5 4. Nxd5 Qxd5 5. c4 Qd8 6. d4 g6 7. g3 Bg7 8. d5 0-0 9. Bg2 c6 10. dxc6 Qxd1+ 11. Kxd1 Nxc6 12. Bxc6 bxc6 13. Ne2 Be6 14. c5 Rfd8+ 15. Ke1 Rab8 16. Nc3 Bxc3+ 17. bxc3 Bd5 18. Rg1 Bf3 19. Be3 Rb2 20. Bd4 e5 21. Be3 Rxa2 22. Rc1 Rc2 23. Ra1 Rxc3 24. h4 Rcd3 25. Bd2 Rxd2 26. Rh1 Rd1+ 27. Rxd1 Rxd1# 0-1

[Event "Pan American-ch U12"]
[Site "Guayaquil"]
[Date "2019.07.23"]
[Round "4"]
[White "Padhye, Rohan"]
[Black "Giler Moncayo, Boris Antonio"]
[Result "1-0"]
[WhiteElo "1628"]
[BlackElo "1290"]
[PlyCount "89"]
[EventDate "2019.07.21"]
[EventType "swiss"]
[EventRounds "9"]
[EventCountry "ECU"]
[SourceTitle "EXT 2020"]
[Source "ChessBase"]
[SourceDate "2019.10.17"]
[SourceVersion "1"]
[SourceVersionDate "2019.10.17"]
[SourceQuality "1"]

1. e4 Nf6 2. e5 Nd5 3. d4 d6 4. c4 Nb6 5. exd6 cxd6 6. Nc3 Nc6 7. d5 Ne5 8. f4 Ng6 9. Nf3 Bg4 10. Bd3 Nh4 11. Kf2 Qc8 12. h3 Bxf3 13. gxf3 g6 14. Be3 Nf5 15. Bxf5 Qxf5 16. Bxb6 axb6 17. Qd4 Qf6 18. Qxb6 Bh6 19. Ne2 0-0 20. Qd4 Qxd4+ 21. Nxd4 Bxf4 22. a3 Rfc8 23. b3 Be5 24. Rhd1 Rc5 25. Ra2 Bxd4+ 26. Rxd4 Rca5 27. a4 Kg7 28. Re2 Re8 29. Ke1 Ra6 30. Kd1 Rb6 31. Kc2 e5 32. dxe6 fxe6 33. Red2 Rd8 34. a5 Rc6 35. b4 d5 36. Kb1 Rcd6 37. cxd5 exd5 38. b5 Kf6 39. Kb2 Kg5 40. Kb3 Kf5 41. Kb4 Ke5 42. f4+ Ke6 43. Re2+ Kf7 44. Re5 Rf6 45. Kc5 1-0

[Event "Pan American-ch U12"]
[Site "Guayaquil"]
[Date "2019.07.22"]
[Round "3"]
[White "Giler Moncayo, Boris Antonio"]
[Black "Sarda, Pedro Sada"]
[Result "1-0"]
[WhiteElo "1290"]
[BlackElo "1653"]
[PlyCount "136"]
[EventDate "2019.07.21"]
[EventType "swiss"]
[EventRounds "9"]
[EventCountry "ECU"]
[SourceTitle "EXT 2020"]
[Source "ChessBase"]
[SourceDate "2019.10.17"]
[SourceVersion "1"]
[SourceVersionDate "2019.10.17"]
[SourceQuality "1"]

1. c4 e5 2. Nc3 g6 3. g3 Bg7 4. d3 Nc6 5. Bg2 Nge7 6. Nf3 0-0 7. 0-0 d6 8. Rb1 f5 9. b4 e4 10. Nxe4 fxe4 11. dxe4 Be6 12. Qc2 Ne5 13. Ng5 Bd7 14. f4 Nf7 15. Nxf7 Rxf7 16. Bb2 Bxb2 17. Rxb2 Nc6 18. e5 Bf5 19. Qc3 Qc8 20. exd6 cxd6 21. Rd1 Rc7 22. Rxd6 Ne7 23. Rbd2 Be6 24. Qe5 Nc6 25. Qxe6+ Qxe6 26. Rxe6 Nxb4 27. Rb2 Kf7 28. Re3 Nc6 29. Bd5+ Kf8 30. Kf2 Rd8 31. Ra3 Re7 32. Bxc6 bxc6 33. Rd3 Rde8 34. Kf3 h5 35. Rd6 Re3+ 36. Kf2 R8e6 37. Rxe6 Rxe6 38. Rb8+ Ke7 39. c5 Kf6 40. Rb7 Re4 41. Rc7 Ra4 42. Rxc6+ Kg7 43. Rd6 Rxa2 44. c6 Rc2 45. Rd7+ Kf6 46. Rxa7 Rxc6 47. Ra2 Kf5 48. Kf3 Rc3+ 49. e3 Rb3 50. h3 Ke6 51. Re2 Kd5 52. g4 Rb1 53. gxh5 gxh5 54. Ra2 Rf1+ 55. Kg2 Re1 56. Kf2 Rc1 57. Ra5+ Ke4 58. Rxh5 Rc2+ 59. Kg3 Kxe3 60. h4 Rc1 61. Re5+ Kd4 62. h5 Rg1+ 63. Kh4 Rf1 64. Kg4 Rg1+ 65. Kf5 Rh1 66. Kg6 Rg1+ 67. Rg5 Rh1 68. h6 Ke4 1-0

[Event "ECU-ch U16"]
[Site "Guayaquil"]
[Date "2019.04.20"]
[Round "7"]
[White "Giler Moncayo, Boris Antonio"]
[Black "Vargas Sotelo, Victor Salomon"]
[Result "0-1"]
[WhiteElo "1246"]
[BlackElo "1567"]
[PlyCount "88"]
[EventDate "2019.04.17"]
[EventType "swiss"]
[EventRounds "9"]
[EventCountry "ECU"]
[SourceTitle "CBM 190 Extra"]
[Source "ChessBase"]
[SourceDate "2019.07.15"]
[SourceVersion "1"]
[SourceVersionDate "2019.07.15"]
[SourceQuality "1"]

1. e4 c5 2. Nc3 d6 3. g3 Nc6 4. Nf3 Bg4 5. h3 Bxf3 6. Qxf3 Nf6 7. d3 g6 8. Bg2 Bg7 9. 0-0 0-0 10. Qd1 e6 11. f4 d5 12. e5 Nd7 13. Ne2 f6 14. exf6 Bxf6 15. c3 Nb6 16. Bd2 Qd6 17. Qc1 Bg7 18. g4 Rae8 19. Ng3 Kh8 20. Rb1 c4 21. d4 Nd7 22. b3 cxb3 23. axb3 Rc8 24. Qb2 Bh6 25. Ne2 Rf7 26. c4 Bg7 27. Be3 b6 28. Qd2 Ne7 29. Rbc1 a5 30. cxd5 Rxc1 31. Rxc1 exd5 32. Nc3 Nf6 33. Nb5 Qd7 34. Qe2 Nc6 35. Qc2 Ne7 36. Qd3 Nc6 37. Nc3 Re7 38. Na4 Nb4 39. Qc3 Qe8 40. Re1 Ne4 41. Bxe4 Rxe4 42. Nxb6 Nc2 43. Qxc2 Rxe3 44. Rd1 Bxd4 0-1

[Event "ECU-ch U16"]
[Site "Guayaquil"]
[Date "2019.04.17"]
[Round "1"]
[White "Giler Moncayo, Boris Antonio"]
[Black "Ramos Bayas, David Santiago"]
[Result "0-1"]
[WhiteElo "1246"]
[BlackElo "1690"]
[PlyCount "80"]
[EventDate "2019.04.17"]
[EventType "swiss"]
[EventRounds "9"]
[EventCountry "ECU"]
[SourceTitle "CBM 190 Extra"]
[Source "ChessBase"]
[SourceDate "2019.07.15"]
[SourceVersion "1"]
[SourceVersionDate "2019.07.15"]
[SourceQuality "1"]

1. e4 e5 2. Nc3 Nf6 3. g3 d5 4. exd5 Nxd5 5. Bg2 Be6 6. Nge2 c5 7. 0-0 Nc6 8. d3 Be7 9. f4 exf4 10. Nxf4 Nxf4 11. Bxf4 0-0 12. Qd2 Qd7 13. Rae1 Rad8 14. Rd1 Nd4 15. Be3 Bg4 16. Rde1 Nc6 17. Nd5 b6 18. Nxe7+ Nxe7 19. Bg5 f6 20. Bf4 Ng6 21. b3 Rfe8 22. Qf2 a5 23. Be4 Ne7 24. Rc1 Bf5 25. Rcd1 Bxe4 26. dxe4 Qxd1 27. Rxd1 Rxd1+ 28. Kg2 Ng6 29. Qf3 Rd4 30. e5 Nxe5 31. Bxe5 Rxe5 32. Qa8+ Kf7 33. Qb7+ Kg6 34. h4 Rd2+ 35. Kh3 h5 36. Qf3 Ree2 37. g4 Rh2+ 38. Kg3 Rdg2+ 39. Qxg2 Rxg2+ 40. Kxg2 hxg4 0-1

[Event "Pan American-ch U10"]
[Site "Santiago de Chile"]
[Date "2018.07.23"]
[Round "2"]
[White "Giler Moncayo, Boris Antonio"]
[Black "De la Cruz Navarro, Martin Leonardo"]
[Result "0-1"]
[WhiteElo "1206"]
[BlackElo "1732"]
[PlyCount "25"]
[EventDate "2018.07.22"]
[EventType "swiss"]
[EventRounds "9"]
[EventCountry "CHI"]
[SourceTitle "EXT 2022"]
[Source "ChessBase"]
[SourceDate "2021.10.06"]
[SourceVersion "1"]
[SourceVersionDate "2021.10.06"]
[SourceQuality "1"]

1. c4 e5 2. Nc3 Nc6 3. g3 g6 4. Bg2 Bg7 5. e3 d6 6. Nge2 f5 7. 0-0 Nf6 8. Rb1 a5 9. a3 0-0 10. b4 axb4 11. axb4 e4 12. Nf4 Ne5 13. c5 0-1